banner-ar

الامام الشوكانى: حياتة وفكره / (Record no. 38806)

MARC details
000 -الفاتح
حقل البيانات ثابتة الطول 00587nam a2200181Ia 4500
008 - عناصر البيانات ثابتة الطول - معلومات عامة
حقل البيانات ثابتة الطول 140319s9999 xx 000 0 ara d
040 ## - مصدر الفهرسة
وكالة الفهرسة الأصلية GCL /
وكالة النسخ GCL
082 04 - رقم تصنيف ديوى العشرى
رقم التصنيف 923.7
رقم المادة ع ا
100 1# - المدخل الرئيسى - إسم شخصى
الإسم الشخصى عبدالغنى قاسم غالب الشرجى
245 10 - بيان العنوان
العنوان الامام الشوكانى: حياتة وفكره /
بيان المسئوليه,etc عبدالغنى قاسم غالب الشرجى
300 ## - الوصف المادى
التعداد 687 ص
490 ## - بيان السلسلة
عنوان السلسلة
650 04 - المدخل الاضافى بالموضوع-مصطلح موضوعى
مصطلح موضوعي التعليم - تاريخ
650 04 - المدخل الاضافى بالموضوع-مصطلح موضوعى
مصطلح موضوعي التعليم - تراجم
650 04 - المدخل الاضافى بالموضوع-مصطلح موضوعى
مصطلح موضوعي الشوكانى, محمد بن على بن محمد
942 ## - عناصر المدخل الإضافي( كوها)
مصدر التصنيف او مخطط الترفيف Dewey Decimal Classification
Koha [default] item type كتاب
Holdings
حالة التراجع حالة الفقد حالة تلف ليس للاعارة المكان المؤقت الموقع الحالى تاريخ الاكتساب اجمالي اﻻعارات رقم الطلب الباركود تاريخ اخر مشاهدة تاريخ تفعيل السعر نوع وعاء كوها
        مكتبة القاهرة الكبرى مكتبة القاهرة الكبرى 03/26/2014   923.7\ع ا 94616 03/26/2014 03/26/2014 كتاب
        مكتبة القاهرة الكبرى مكتبة القاهرة الكبرى 03/26/2014   923.7\ع ا 94617 03/26/2014 03/26/2014 كتاب
        مكتبة القاهرة الكبرى مكتبة القاهرة الكبرى 03/26/2014   923.7\ع ا 94618 03/26/2014 03/26/2014 كتاب

Powered By

EGPV